00622nam a2200157 i 450000100060000000300090000600500170001500700030003200800410003510000350007624501920011126000440030330000220034770000740036985200210044328075ES-MaACL20250927140836.0t|030116s1891 sp ||||1| spa d1 aAzedo de la Berrueza, Gabriel.10aAmenidades, florestas y recreos de la provincia de la Vera, alta y baja en la Extremadura / cpor Gabriel Azedo de la Berrueza ; publicadas nuevamente por Juan Pérez de Guzmán y Boza. aSevilla : b[s.n., c1891] (fE. Rasco) a137 p. ; c23 cm.1 aPérez de Guzmán y Boza, Juan, cDuque de T'Serclaes, d1852-1934 aES-MaACLjG-1710